[Event "Osijek-ch op"]
[Site "Osijek"]
[Date "2011.02.27"]
[Round "7"]
[White "Strekelj, Vlado"]
[Black "Sesar, Ante"]
[Result "1-0"]
[WhiteElo "1843"]
[BlackElo "1784"]
[PlyCount "89"]
[EventDate "2011.02.24"]
[EventType "swiss"]
[EventRounds "7"]
[EventCountry "CRO"]
[SourceTitle "EXT 2012"]
[Source "ChessBase"]
[SourceDate "2011.11.24"]
[SourceVersion "1"]
[SourceVersionDate "2011.11.24"]
[SourceQuality "1"]

1. Nf3 d6 2. d4 h6 3. e4 Bg4 4. Be2 Nc6 5. Be3 Nf6 6. Nc3 a6 7. 0-0 e5 8. dxe5 dxe5 9. a3 Be7 10. Kh1 0-0 11. Qe1 Qc8 12. Ng1 Rd8 13. f3 Be6 14. Bd3 Nh5 15. Nce2 b6 16. Qf2 Nf6 17. Ng3 Bd6 18. N1e2 Qd7 19. Rad1 Qe7 20. Nf5 Bxf5 21. exf5 Rd7 22. Ng3 Nd5 23. Be4 Nxe3 24. Qxe3 Rad8 25. Bxc6 Bc5 26. Rxd7 Rxd7 27. Qe2 Rd6 28. Be4 Qg5 29. Qxa6 Rd2 30. Bd3 h5 31. Qc8+ Bf8 32. Ne2 Qe3 33. Qa6 Bd6 34. Qc4 h4 35. Qe4 Qh6 36. b4 Qg5 37. a4 Bxb4 38. Qxb4 h3 39. g3 Qe3 40. Qe4 Qh6 41. Qxe5 c5 42. Qe8+ Kh7 43. f6+ g6 44. Qxf7+ Kh8 45. Nf4 1-0

[Event "Osijek op"]
[Site "Osijek"]
[Date "2008.12.14"]
[Round "8"]
[White "Strekelj, Vlado"]
[Black "Petrovic, David"]
[Result "1/2-1/2"]
[WhiteElo "1858"]
[BlackElo "1719"]
[PlyCount "86"]
[EventDate "2008.12.08"]
[EventType "swiss"]
[EventRounds "9"]
[EventCountry "CRO"]
[SourceTitle "CBM 128 Extra"]
[Source "ChessBase"]
[SourceDate "2009.03.05"]
[SourceVersion "2"]
[SourceVersionDate "2009.03.25"]
[SourceQuality "1"]

1. e4 e5 2. Nf3 d6 3. d4 Nf6 4. Nc3 Nbd7 5. Be2 Be7 6. 0-0 0-0 7. Bg5 h6 8. Bh4 c6 9. Bg3 Qc7 10. a4 Nh5 11. Qb1 Re8 12. d5 c5 13. Nb5 Qd8 14. Nd2 Nxg3 15. hxg3 a6 16. Nc3 Bg5 17. Nc4 Nf8 18. a5 Nh7 19. Nb6 Rb8 20. b4 cxb4 21. Qxb4 Bd2 22. Rfd1 Bxc3 23. Qxc3 Nf6 24. f3 Nd7 25. Rdb1 Nc5 26. Qe3 Bd7 27. Kf2 f5 28. Ke1 fxe4 29. fxe4 Rf8 30. Kd2 Qe7 31. Rf1 Rxf1 32. Rxf1 Rf8 33. Rxf8+ Qxf8 34. Qf3 Qe8 35. Qe3 Qg6 36. Nxd7 Nxd7 37. Bd3 Nc5 38. Qf3 Qe8 39. Qf5 g6 40. Qf6 Qf7 41. Qxd6 Qf2+ 42. Kd1 Qg1+ 43. Kd2 Qf2+ 1/2-1/2

[Event "Osijek op"]
[Site "Osijek"]
[Date "2005.02.19"]
[Round "9"]
[White "Imsirovic, Alen"]
[Black "Strekelj, Vlado"]
[Result "0-1"]
[WhiteElo "1657"]
[BlackElo "1763"]
[PlyCount "58"]
[EventDate "2005.02.12"]
[EventType "swiss"]
[EventRounds "9"]
[EventCountry "CRO"]
[SourceTitle "EXT 2006"]
[Source "ChessBase"]
[SourceDate "2005.11.24"]
[SourceVersion "1"]
[SourceVersionDate "2005.11.24"]
[SourceQuality "1"]

1. e4 c5 2. Nf3 d6 3. d4 cxd4 4. Nxd4 Nf6 5. Nc3 a6 6. Be3 e6 7. Be2 b5 8. f3 Bb7 9. 0-0 Be7 10. a4 b4 11. Na2 d5 12. exd5 Nxd5 13. Bd2 Qb6 14. c3 e5 15. Nxb4 Nxb4 16. cxb4 Qxd4+ 17. Kh1 Bxb4 18. Bxb4 Qxb4 19. Qd3 Nc6 20. Rfc1 Rd8 21. Qe3 0-0 22. Bxa6 Bxa6 23. Rxc6 Qxb2 24. Qc3 Qe2 25. Rg1 Bb7 26. Rb6 Rc8 27. Qb4 Bxf3 28. Qe1 Bxg2+ 29. Rxg2 Qxe1+ 0-1

[Event "Osijek op"]
[Site "Osijek"]
[Date "2005.02.17"]
[Round "7"]
[White "Pavlovic, Vladimir"]
[Black "Strekelj, Vlado"]
[Result "1-0"]
[WhiteElo "1942"]
[BlackElo "1763"]
[PlyCount "21"]
[EventDate "2005.02.12"]
[EventType "swiss"]
[EventRounds "9"]
[EventCountry "CRO"]
[SourceTitle "EXT 2006"]
[Source "ChessBase"]
[SourceDate "2005.11.24"]
[SourceVersion "1"]
[SourceVersionDate "2005.11.24"]
[SourceQuality "1"]

1. e4 c5 2. Nf3 d6 3. c3 e5 4. d4 cxd4 5. cxd4 Qc7 6. Nc3 exd4 7. Nxd4 a6 8. Nd5 Qd8 9. Qc2 Nc6 10. Nxc6 bxc6 11. Qxc6+ 1-0

[Event "Osijek op"]
[Site "Osijek"]
[Date "2004.02.07"]
[Round "8"]
[White "Elezovic, Damir"]
[Black "Strekelj, Vlado"]
[Result "0-1"]
[WhiteElo "1801"]
[BlackElo "1605"]
[PlyCount "38"]
[EventDate "2004.01.??"]
[EventType "swiss"]
[EventRounds "9"]
[EventCountry "CRO"]
[SourceTitle "EXT 2005"]
[Source "ChessBase"]
[SourceDate "2004.11.15"]
[SourceVersion "1"]
[SourceVersionDate "2004.11.15"]
[SourceQuality "1"]

1. e4 c5 2. Nf3 e6 3. d4 d5 4. Bb5+ Bd7 5. Bxd7+ Nxd7 6. exd5 exd5 7. 0-0 Ngf6 8. Nc3 Be7 9. Re1 0-0 10. Ne5 cxd4 11. Qxd4 Bc5 12. Qd3 Bxf2+ 13. Kxf2 Nxe5 14. Qg3 Ng6 15. Be3 d4 16. Rad1 dxe3+ 17. Rxe3 Qb6 18. Rd6 Ng4+ 19. Ke2 Qxe3+ 0-1

[Event "Osijek op"]
[Site "Osijek"]
[Date "2004.02.07"]
[Round "9"]
[White "Strekelj, Vlado"]
[Black "Kanisek, Mato"]
[Result "1-0"]
[WhiteElo "1605"]
[BlackElo "1600"]
[PlyCount "71"]
[EventDate "2004.01.??"]
[EventType "swiss"]
[EventRounds "9"]
[EventCountry "CRO"]
[SourceTitle "EXT 2005"]
[Source "ChessBase"]
[SourceDate "2004.11.15"]
[SourceVersion "1"]
[SourceVersionDate "2004.11.15"]
[SourceQuality "1"]

1. e4 e5 2. Nf3 Nc6 3. Bb5 d6 4. 0-0 Nf6 5. Re1 Bd7 6. Nc3 a6 7. Bf1 Bg4 8. h3 Bxf3 9. Qxf3 Be7 10. Ne2 0-0 11. c3 d5 12. d3 h6 13. g4 Re8 14. Ng3 dxe4 15. dxe4 Qd7 16. Be3 Qe6 17. b3 Rad8 18. Bc4 Qc8 19. Nh5 Rf8 20. Nxf6+ Bxf6 21. Bxh6 b5 22. g5 Bxg5 23. Bxg5 bxc4 24. Bxd8 Qxd8 25. Rad1 Qb8 26. b4 a5 27. a3 axb4 28. axb4 Qb5 29. Rd7 Nxb4 30. Rxc7 Nd3 31. Rd1 Nf4 32. Kh2 Qb6 33. Rdd7 Qf6 34. Qg4 Qe6 35. Qxe6 Nxe6 36. Rxc4 1-0